LEADER 02011nam 2200457 n 450 001 996395249503316 005 20200824121845.0 035 $a(CKB)4940000000122251 035 $a(EEBO)2264205937 035 $a(UnM)ocm99883645e 035 $a(UnM)99883645 035 $a(EXLCZ)994940000000122251 100 $a19940803d1661 uh 101 0 $aeng 135 $aurbn||||a|bb| 200 10$aBy the King. A proclamation, prohibiting all unlawful and seditious meetings and conventicles under pretence of religious worship$b[electronic resource] 210 $aLondon $cPrinted by John Bill, printer to the King's most excellent Majesty, 1660. At the King's Printing-House in Black-Friers$d[1661] 215 $a2 sheets (versos blank) 300 $aAt end of text: Given at our court at Whitehall, the tenth day of January, one thousand six hundred and sixty, in the twelfth year of our reign. 300 $aThe British Library's Thomason copy is dated in MS.: "Jan. 11". 300 $aDates given according to Lady Day dating. 300 $aSteele notation: restreyning their 2) Meeting di-; Arms 60. 300 $aTwo copies filmed consecutively at UMI Tracts Supplement reel C18. 300 $aReproduction of original in the British Library. 330 $aeebo-0018 517 3 $aProclamation, prohibiting all unlawful and seditious meetings and conventicles under pretence of religious worship 606 $aBroadsides$zEngland$vEarly works to 1800 606 $aFreedom of religion$vEarly works to 1800 606 $aSedition$zEngland$vEarly works to 1800 615 0$aBroadsides 615 0$aFreedom of religion 615 0$aSedition 801 0$bCu-RivES 801 1$bCu-RivES 801 2$bCStRLIN 801 2$bUk-ES 801 2$bCu-RivES 906 $aBOOK 912 $a996395249503316 996 $aBy the King. A proclamation, prohibiting all unlawful and seditious meetings and conventicles under pretence of religious worship$92317348 997 $aUNISA LEADER 00976nam a22002411i 4500 001 991000861509707536 005 20040206152943.0 008 040220s19uu it |||||||||||||||||ita 035 $ab12681519-39ule_inst 035 $aARCHE-067985$9ExL 040 $aDip.to Scienze pedagogiche$bita$cA.t.i. Arché s.c.r.l. Pandora Sicilia s.r.l. 082 04$a170 100 1 $aSemerari, Giuseppe$0122730 245 10$aCorso di filosofia morale :$b1) Il problema morale nell'esistenzialismo, 2) La filosofia morale di F. G. G. Schelling /$cGiuseppe Semerari 260 $aBari :$bAdriatica editrice,$c[19..] 300 $av. ;$c24 cm 650 4$aFilosofia morale 907 $a.b12681519$b02-04-14$c17-03-04 912 $a991000861509707536 945 $aLE022 MP 79 E 23$cV. 1$g1$i2022000159869$lle022$o-$pE0.00$q-$rl$s- $t0$u0$v0$w0$x0$y.i13191949$z17-03-04 996 $aCorso di filosofia morale$9271042 997 $aUNISALENTO 998 $ale022$b17-03-04$cm$da $e-$fita$git $h0$i1